000
00209 a2200097 4500
001
2269
100
_a
Adams,HT
245
_a
Elements of Internal comb Turbine
260
_a
_b
Cambridge
_c
090
_c
1645
_d
1645
942
_a
NUST-CAE
_c
M
_c
7169
999
_c
237342
_d
237342